000 00201 a2200097 4500
001 2813
100 _aKnolc, R.E.
245 _aContrasts
260 _a
_bHarcourt, Brace & Co.
_c
090 _c2108
_d2108
942 _aNUST-CAE
_cM
_c12314
999 _c237886
_d237886